Loading...

People watching/

Bibliographic Details
Main Author: Desmond Morris
Format: Printed Book
Published: London: Vintage, 2002.
Subjects:
LEADER 00482nam a22001451a 4500
999 |c 34074  |d 34074 
020 |a 9780099429784 
082 |a 302.222  |b DES/P 
100 |a Desmond Morris  
245 |a People watching/  |c by Desmond Morris.  
260 |a London:  |b Vintage,  |c 2002. 
300 |a 526p. 
650 |a Body Language 
942 |c BK 
952 |0 0  |1 0  |4 0  |6 302_222000000000000_DES_P  |7 0  |9 49519  |a SSUS  |b SSUS  |d 2015-01-08  |g 425.36  |l 4  |m 1  |o 302.222 DES/P  |p 045694  |r 2017-12-19  |s 2017-12-05  |v 0.00  |w 2015-01-08  |y BK